Descorriendo la cortina verde : (Registro nro. 913)

Detalles MARC
000 -CABECERA
Campo de control 01262nam a2200253 a 4500
005 - FECHA Y HORA DE LA ULTIMA TRANSACCION
Campo de control 20191224041547.0
008 - ELEMENTOS DE LONGITUD FIJA—INFORMACION GENERAL
Campo de control 890714s1989 pn a bc f000 0 eng
040 ## - FUENTE DE CATALOGACIÓN
Agencia catalogadora original DLC
Agencia transcriptora DLC
Agencia Modificadora DLC
-- CO-BoIAVH
041 0# - IDIOMA
Código de idioma para texto/pista de sonido o título separado Español
-- Inglés
Código de idioma de la versión original y/o traducciones intermedias del texto Inglés
082 00 - NUMERO DE CLASIFICACION DECIMAL DEWEY
Número de clasificación 578.730913
Número del ítem A58d
100 1# - ASIENTO PRINCIPAL--NOMBRE PERSONAL
Nombre personal Angehr, George Richard.
Término relacionado autor
9 (RLIN) 38903
245 10 - MENCION DE TITULO
Título Descorriendo la cortina verde :
Parte restante del título evolución de la biología tropical en Panamá /
Mención de responsabilidad autor, George R. Angehr = Parting the green curtain : the evolution of tropical biology in Panama / author, George R. Angehr.
246 1# - FORMA VARIANTE DEL TITULO
Título propiamente dicho/forma breve del título Parting the green curtain :
Parte restante del título The evolution of Tropical Biology
260 ## - PUBLICACION, DISTRIBUCION, ETC. (PIE DE IMPRENTA)
Lugar de publicación, distribución, etc. Panama :
Nombre del editor, distribuidor, etc. Smithsonian Tropical Research Institute,
Fecha de publicación, distribución, etc. c1989.
300 ## - DESCRIPCION FISICA
Extensión iv, 44 páginas. :
Otros detalles físicos ilustraciones (algunas a color) ;
Dimensiones 18 x 26 cm.
500 ## - NOTA GENERAL
Nota general "Published in conju[n]ction with the exhibition ... August 1989"--P. [2] of cover.
504 ## - NOTA DE BIBLIOGRAFIA, ETC.
Nota de bibliografía Incluye referencias bibliográficas: paginas 39-43.
650 24 - ASIENTO SECUNDARIO DE MATERIA - TERMINO TEMATICO
Término temático o nombre geográfico como elemento de entrada Biología tropical
Subdivisión geográfica Panamá
Subdivisión general Exhibiciones
9 (RLIN) 84134
650 24 - ASIENTO SECUNDARIO DE MATERIA - TERMINO TEMATICO
Término temático o nombre geográfico como elemento de entrada Biología tropical
Subdivisión geográfica Zona tropical
Subdivisión general Exhibiciones
9 (RLIN) 84135
650 26 - ASIENTO SECUNDARIO DE MATERIA - TERMINO TEMATICO
Término temático o nombre geográfico como elemento de entrada Biología
Subdivisión general Investigación
Subdivisión geográfica Panamá
Subdivisión general Exhibiciones
9 (RLIN) 84136
710 2# - ASIENTO SECUNDARIO - NOMBRE CORPORATIVO
Nombre corporativo o de jurisdicción como elemento de entrada Smithsonian Tropical Research Institute.
9 (RLIN) 8375
740 0# - ASIENTO SECUNDARIO - TITULOS RELACIONADOS /ANALITICOS NO CONTROLADOS
Título relacionado o analítico no controlado Parting the green curtain.
942 ## - ELEMENTOS ADICIONALES (KOHA)
Sistema de clasificación Dewey Decimal Classification
Tipo de ítem Libro
Existencias
Withdrawn status Lost status Sistema de Clasificación Damaged status No para préstamo Colección Inventariado Ubicación Permanente Ubicación actual Fecha de adquisición Fuente de Valor Valor Total Checkouts Número topográfico Inventario / Código de Barras Date last seen Ejemplar Price effective from Forma de adquisición Tipo de material
    Dewey Decimal Classification     General Inventariado 2017 Sala Fabio Quevedo Sala Fabio Quevedo 13/01/1999 Instituto 39000.00   LB-578.730913 A58d 001273 04/12/2012 Ej. 1 04/12/2012 Donación Libro